000 00365nam a2200145Ia 4500
008 090122s9999 xx 000 0 und d
082 _b8660
_a891.463
100 _aमुसळे
_bबाबाराव
245 _aपखाल
600 _aमुसळे
630 _aपखाल
700 _aमुसळे
730 _aपखाल
942 _cBOOK
999 _c32737
_d32737